The Circadian Doctor/ (Record no. 205877)

MARC details
000 -LEADER
fixed length control field 00699nam a22002057a 4500
005 - DATE AND TIME OF LATEST TRANSACTION
control field 20240925144125.0
010 ## - LCCN (DPL NO)
LC control number ENG-141762
020 ## - INTERNATIONAL STANDARD BOOK NUMBER
International Standard Book Number 9789359648361
Terms of availability 250.00
035 ## - SYSTEM CONTROL NUMBER
System control number EN-125294
037 ## - SOURCE OF ACQUISITION
Source of stock number/acquisition DBAD
082 ## - DEWEY DECIMAL CLASSIFICATION NUMBER
Classification number 615.538
100 ## - MAIN ENTRY--PERSONAL NAME
Personal name Chowdhury, Biswaroop Roy
245 ## - TITLE STATEMENT
Title The Circadian Doctor/
Statement of responsibility, etc By Biswaroop Roy Chowdhury
250 ## - EDITION STATEMENT
Edition statement 1
260 ## - PUBLICATION, DISTRIBUTION, ETC. (IMPRINT)
Place of publication, distribution, etc New Delhi
Name of publisher, distributor, etc Diamond Pocket Books
Date of publication, distribution, etc 2024
270 ## - ADDRESS
Address X- 30, Okhla Industrial Area, Phase-II
City New Delhi
Postal code 110020
Electronic mail address wecare@diamondbooks.in
Telephone number 011-40712100
-- 011-41611861
300 ## - PHYSICAL DESCRIPTION
Extent 186p.
Dimensions 22cm(pb)
500 ## - GENERAL NOTE
General note Circadian Clock & Ayurvedic Panchkarma Certificate Course
942 ## - ADDED ENTRY ELEMENTS (KOHA)
Source of classification or shelving scheme Dewey Decimal Classification
Item type English Books
Classification part 615.538
Call number suffix CHO
Holdings
Withdrawn status Lost status Not for loan Collection code Home library Current library Date acquired Source of acquisition Cost, normal purchase price Full call number Barcode Copy number Cost, replacement price Koha item type
      Non-fiction Vinoba Puri Vinoba Puri 25/09/2024 Delivery of Books Act Division 250.00 615.538 CHO EN-125294 1 250.00 English Books

© Delhi Public Library
Hit Counter
free hit counter